00458nam a2200133Ia 4500100002900000650001200029942000700041654002600048245007000074260006700144546001200211999001700223952008400240 aMinistry of Welfare GoI  aGeneral cBK aAlcoholism and drug aAlcoholism and Drug Dependency : Professional Master guide bT.T. Ranganathsn Chemical Research FoundationaMadrasc1989 aENGLISH c25496d25496 001040708CRCaCRCEbCRCEd2023-03-17l0o p6578r2023-03-17w2023-03-17yBK